| 000 | 00761pam a2200265 i 4500 | ||
|---|---|---|---|
| 999 |
_c4962 _d4962 |
||
| 001 | 4003961 | ||
| 003 | OSt | ||
| 005 | 20181218171219.0 | ||
| 008 | 780524s1978 miua b 000 0 eng | ||
| 010 | _a78017227 | ||
| 020 | _a031037281X | ||
| 040 |
_aDLC _cDLC _dCDC |
||
| 082 |
_a248.4 _bE34L |
||
| 092 |
_a248.4 _bE34L |
||
| 100 | 1 | _aEims, LeRoy | |
| 245 | 1 | 4 |
_aThe lost art of disciple making / _cLeRoy Eims ; foreword by Robert E. Coleman |
| 260 |
_aGrand Rapids : _bZondervan Corp., _cc1978 |
||
| 300 |
_a188 p. : _bill. ; _c21 cm |
||
| 490 | 1 | _aJames T. Jeremiah collection | |
| 504 | _aIncludes bibliographical references | ||
| 650 | 0 | _aChristian life | |
| 650 | 0 | _aChristian leadership | |
| 830 | 0 | _aJames T. Jeremiah collection | |
| 942 |
_2ddc _cBK |
||